00670pab a2200193 454500008004000000100002700040245010500067260000900172300001300181362000800194650003500202650001100237700002300248700001900271773005500290909001000345999001700355952010400372180718b1996 xxu||||| |||| 00| 0 eng d aSrivastava, Kanshal K. aOccupational structure and educational status of tribes: a case study of Bhotia tribes of U.P. hills c1996 ap.173-78 aApr aTribes - India - Uttar Pradesh aTribes aSrivastava, Tanuja aNautiyal, D.K. aJournal of Educational Planning and Administration a33024 c33024d33024 00104070aIIPAbIIPAd2018-07-19hVolume no: 10, Issue no: 2pAR33241r2018-07-19w2018-07-19yAR